|
|
|
|
| LEADER |
00000ny a22000003n 4500 |
| 005 |
20110617111449.0 |
| 008 |
A10218s2005 sp || 000|0 spa d |
| 035 |
|
|
|a 1131
|
| 040 |
|
|
|a BUS
|d vLex
|
| 080 |
|
|
|a 341.9 460
|
| 090 |
|
|
|c 1420
|d 1420
|
| 100 |
1 |
|
|a Apraiz Moreno, Fernando
|
| 245 |
1 |
0 |
|a Derecho de extranjera̕
|h [Recurso electrn̤ico]
|c Fernando Apraiz Moreno
|p Tomo I
|
| 256 |
|
|
|a Servicio en ln̕ea
|
| 260 |
|
|
|a Barcelona :
|b Jos ̌Mara̕ Bosch,
|c 2005
|
| 300 |
|
|
|a 2 v. ;
|c cm
|
| 506 |
1 |
|
|a Contenido solo disponible en los productos indicados
|d vLex Global
|d vLex Global (Academic Edition, excluding Law Schools)
|d vLex Global (U.S. Academic Edition, Law Schools)
|d vLex Global (U.S. Academic Edition, excluding Law Schools)
|d vLex Global (Academic Edition, Law Schools)
|
| 650 |
0 |
7 |
|a Extranjeros
|2 Tesauro vLex
|
| 740 |
0 |
|
|a vLex Libros (Servicios en ln̕ea)
|
| 856 |
4 |
0 |
|z Texto completo (Vlex). Parte I
|u http://vlex.com/source/derecho-extranjeria-tomo-i-1131
|
| 942 |
|
|
|c BOOK
|